[Event "FIDE Olympiad Disabilties-KO 2020"]
[Site "Online"]
[Date "2020.11.21"]
[Round "1.2"]
[White "Nowak, Lukasz"]
[Black "Sovetov, Oleksandr"]
[Result "1-0"]
[WhiteElo "2265"]
[BlackElo "2022"]
[Annotator "TA"]
[PlyCount "103"]
[EventDate "2020.11.29"]
[EventType "team-tourn"]
[EventCountry "NET"]
[SourceTitle "playchess.com"]
[Source "ChessBase"]
[SourceQuality "1"]
[WhiteTeam "Poland"]
[BlackTeam "Ukraine"]
[WhiteTeamCountry "POL"]
[BlackTeamCountry "UKR"]

{[%evp 10,102,11,15,0,0,0,16,0,12,7,0,8,2,46,39,47,41,34,35,47,35,41,48,44,32,47,22,14,22,21,18,14,0,0,0,63,26,94,94,94,95,105,100,93,56,97,87,92,95,87,19,20,6,8,0,518,522,1679,1428,1730,1728,1575,1538,1368,1434,29973,29975,29979,29980,29980,29981,29981,29981,29985,29986,29986,29986,29990,29986,29989,29990,29990,29991,29993,29994,29994,29995,29995,29995,29996,29996,29998,29999,29999]} 1. c4 c6 2. g3 d5 3. Nf3 Nf6 4. Bg2 dxc4 5. O-O Nbd7 6. Qc2 Nb6 {A11: English Opening: 1...c6.} 7. a4 a5 8. Na3 Be6 {The position is equal.} 9. Ne5 g6 10. Naxc4 Nxc4 11. Nxc4 {[#]} h5 $146 ({Predecessor:} 11... Bg7 12. d3 Nd5 13. Bd2 O-O 14. Rfc1 b6 15. Ne3 c5 16. Nxd5 Bxd5 17. Bxd5 Qxd5 {0-1 (45) Zaragatski,I (2474)-Michiels,B (2502) Netherlands 2012}) 12. b3 h4 13. Bb2 Bg7 14. Rfd1 Kf8 15. d4 hxg3 16. hxg3 Ra6 17. e4 Qc8 18. d5 cxd5 19. exd5 Bh3 $1 {[%cal Rh3g2]} 20. Bf3 Bg4 21. Qd3 Bxf3 22. Qxf3 {[#] aiming for d6.} Qh3 ({Black should try} 22... Ne8 $11) 23. d6 Qh2+ (23... exd6 $11 24. Qxb7 Ne8) 24. Kf1 $16 Qh3+ 25. Qg2 {Hoping for Qxh3.} exd6 26. Qxh3 ({Don't play} 26. Nxd6 $6 Ng4 $11) 26... Rxh3 27. Rxd6 Rxd6 28. Nxd6 b6 {[%cal Bb7b6,Bb6b5][%mdl 32]} 29. Kg2 Rh5 30. Re1 (30. Nc4 $16) 30... Rd5 $11 31. Nc8 {And now Ba3+ would win.} b5 32. Be5 {Black must now prevent Bd6+.} Nd7 $2 {[%mdl 8192] White now steadily converts the win.} (32... bxa4 $11 {and Black has nothing to worry.} 33. bxa4 Rd2) 33. Bd6+ $18 Kg8 34. Ne7+ {[%mdl 64] [#] Double Attack} Kh7 35. Nxd5 bxa4 36. bxa4 g5 37. Re7 {[%mdl 64] Double Attack} Nf6 38. Nxf6+ {White mates.} Bxf6 39. Rxf7+ Kg6 40. Ra7 Bc3 41. Bc7 Kh5 42. Bxa5 Bd4 43. Rb7 Kg4 44. Bb4 Be5 45. a5 Kf5 46. a6 Ke4 47. a7 g4 48. a8=Q Kd3 49. Qd8+ Bd4 50. Bc5 Ke2 51. Qxd4 {[%cal Rb7e7]} Ke1 52. Re7# {Weighted Error Value: White=0.10/Black=0.50} 1-0

[Event "FIDE Olympiad Disabilties-KO 2020"]
[Site "Online"]
[Date "2020.11.21"]
[Round "1.2"]
[White "Mukha, Nikolay"]
[Black "Molenda, Marcin"]
[Result "0-1"]
[WhiteElo "2163"]
[BlackElo "2349"]
[Annotator "TA"]
[PlyCount "150"]
[EventDate "2020.11.29"]
[EventType "team-tourn"]
[EventCountry "NET"]
[SourceTitle "playchess.com"]
[Source "ChessBase"]
[SourceQuality "1"]
[WhiteTeam "Ukraine"]
[BlackTeam "Poland"]
[WhiteTeamCountry "UKR"]
[BlackTeamCountry "POL"]

{[%evp 22,150,68,58,91,95,76,52,49,12,7,17,81,39,32,9,0,-2,56,48,36,42,37,14,59,35,11,0,0,0,0,0,0,0,0,0,0,0,0,-29,-8,-27,-29,-28,-34,-38,-15,-14,-14,-29,-25,-92,-86,-199,-194,-203,-192,-376,-372,-343,-323,-336,-308,-322,-319,-319,-319,-267,-297,-455,-446,-441,-436,-424,-340,-298,-358,-354,-345,-340,-345,-331,-331,-369,-348,-340,-332,-604,-593,-520,-304,-320,-173,-156,0,-324,-298,-231,-125,-401,-183,-501,-435,-383,-141,-1083,-1061,-1061,-1068,-1061,-68,-512,-68,-83,-83,-83,-89,-12833,-12831,-12792,-4645,-29982,-29983,-29983,-29984,-29984,-29985,-29989,-29990,-29990,-29991]} 1. d4 d5 2. c4 c6 3. Nf3 Nf6 4. Nc3 e6 5. e3 Nbd7 6. Bd3 Bd6 7. O-O O-O 8. e4 dxe4 9. Nxe4 Nxe4 10. Bxe4 Nf6 $1 {10...Nf6 scores better than 10...h6.} 11. Bc2 b6 12. Bg5 Bb7 {D46: Semi-Slav: 5 e3 Nbd7 6 Bd3, Black avoids the Meran.} 13. Qd3 g6 {[#]} 14. c5 $146 ({Predecessor:} 14. Rad1 Be7 15. Qe2 Re8 16. Ne5 Nd7 17. Qf3 f6 18. Nxc6 Qc8 19. Nxe7+ Rxe7 20. Qa3 {½-½ (75) Delchev,A (2640)-Megaranto,S (2524) Turin 2006}) 14... Be7 {White is slightly better.} 15. Qe2 bxc5 16. dxc5 Qa5 (16... Nd5 $11 17. Bxe7 Qxe7) 17. b4 Qc7 18. Rfe1 a5 19. a3 Ba6 ({Better is} 19... axb4 $11 20. axb4 Nd5) 20. Qe5 $14 Qxe5 21. Nxe5 Rfc8 22. Ba4 Bb5 23. Bxb5 (23. Bb3 {with more complications.} Rc7 24. a4 Ba6 25. bxa5 h6 26. Bxh6 Bxc5 27. Bg5) 23... cxb5 24. Rab1 axb4 25. axb4 Nd5 26. Bxe7 Nxe7 27. Ra1 Nd5 28. Nd3 Ne7 29. Kf1 Nc6 30. Reb1 Rd8 31. Rxa8 Rxa8 $11 {[%mdl 4096] Endgame KRN-KRN} 32. Rb2 e5 33. f4 f6 34. fxe5 fxe5 35. Ke2 Kf7 36. Ke3 (36. Kd2 $11 {remains equal.}) 36... Ke6 $17 37. g4 (37. Ne1 $17) 37... Ra3 $19 38. Ke4 Rc3 39. h3 $2 (39. Rd2 Rc4+ 40. Ke3) 39... Rc4+ 40. Ke3 Kd5 41. Rd2 {[%csl Ge3][%cal Rd3f4]} Re4+ 42. Kf3 {Nf4+ is the strong threat.} Rd4 {Threatens to win with ...e4+.} 43. Ke3 e4 44. Nf4+ Ke5 45. Ra2 ({Much worse is} 45. Rxd4 Nxd4 46. Ne2 Nc2+ 47. Kd2 Nxb4 $19) (45. Ne2 {is a better defense.} Rxd2 46. Kxd2) 45... Rxb4 46. Ne2 Rb3+ 47. Kd2 Nd4 48. Nxd4 Kxd4 {KR-KR} 49. Rc2 {aiming for c6.} Ra3 ({And not} 49... Rxh3 50. c6 $11) 50. c6 {Black must now prevent c7.} Ra8 $1 {[%cal Ra8c8]} ({Avoid the trap} 50... Rxh3 $2 51. c7 $18) 51. c7 Rc8 52. Rc6 Kd5 53. Rc1 Kd6 54. Ke3 $2 (54. Re1 Rxc7 55. Rxe4) 54... Rxc7 55. Rb1 Rc5 56. Kxe4 Ke6 (56... Rc4+ $142 57. Kd3 Kc5) 57. Kd4 Kd6 $2 (57... Rd5+ $17 58. Kc3 Kd6) 58. Rf1 $2 {[%mdl 8192]} (58. Ke4 $1 $11 {and White is okay.}) 58... Rc4+ 59. Kd3 Rc7 (59... Ra4 $19 60. Kc2 Ra3) 60. g5 $2 {[%mdl 8192]} (60. Kd4 $17) 60... Ke5 (60... Rc4 $142 61. Rf6+ Kc5) 61. Rf8 $2 {Cut Off at move 61} (61. Rb1) 61... b4 62. Rb8 Kf5 $2 (62... Rc3+ $19 {and Black stays clearly on top.} 63. Kd2 Rc4) 63. Rxb4 $2 {[%mdl 8192]} (63. Rb5+ $17 Kf4 64. h4) 63... Kxg5 64. h4+ Kh5 65. Ke3 Rf7 $2 ({Black should try} 65... Rc3+ $1 $19 66. Kf2 Rh3) 66. Re4 $2 {[%mdl 8192]} (66. Ke2 $1 $15) 66... h6 $2 ({Black should play} 66... Rf1 $1 $19 {[%cal Rf1e1] And now ...Re1+ would win.} 67. Rb4 Rh1) 67. Ke2 $1 $15 g5 68. hxg5 hxg5 69. Ke1 $2 {[%mdl 8192]} (69. Rc4 $17) 69... g4 $19 70. Re2 Kh4 (70... g3 $142 71. Re8 g2 72. Rh8+ Kg4) 71. Rf2 Rxf2 {Black mates.} 72. Kxf2 Kh3 73. Kg1 Kg3 74. Kh1 {[#]} Kf2 $1 75. Kh2 {[#]} g3+ $1 {Weighted Error Value: White=0.47/Black=0.26} 0-1

[Event "FIDE Olympiad Disabilties-KO 2020"]
[Site "Online"]
[Date "2020.11.21"]
[Round "1.2"]
[White "Palin, Denis"]
[Black "Szewczyk, Malwina"]
[Result "1-0"]
[WhiteElo "2110"]
[BlackElo "1418"]
[Annotator "TA"]
[PlyCount "53"]
[EventDate "2020.11.29"]
[EventType "team-tourn"]
[EventCountry "NET"]
[SourceTitle "playchess.com"]
[Source "ChessBase"]
[SourceQuality "1"]
[WhiteTeam "Russia"]
[BlackTeam "Poland"]
[WhiteTeamCountry "RUS"]
[BlackTeamCountry "POL"]

{[%evp 10,53,18,22,17,22,36,34,87,63,133,140,252,260,247,227,319,309,379,337,631,627,710,579,585,443,695,684,759,666,870,867,869,871,1066,1049,1246,969,2011,1968,3561,1768,29987,29988,4389,2843]} 1. c4 c5 2. Nc3 Nf6 3. g3 d5 4. cxd5 Nxd5 5. Bg2 Nc7 6. e3 e5 {The main line 6...e5 scores better than 6...Nc6. A34: Symmetrical English: 2 Nc3, lines with ...d5.} 7. Nge2 Nc6 8. O-O {[#]} Bd7 $146 ({Black should play} 8... Be7 $14) ({Predecessor:} 8... Be7 9. b3 O-O 10. Bb2 Bf5 11. f4 Bd3 12. fxe5 Nxe5 13. Bxb7 Rb8 14. Bg2 h5 {1-0 (41) Tadic,B (2563)-Perunovic,M (2693) Belgrade 2015}) 9. f4 f6 ({Better is} 9... Be7 $14) 10. fxe5 $16 Be7 (10... Nxe5 $16 11. d4 (11. Bxb7 Rb8 $16) 11... Nf7 12. Bxb7 Rb8) 11. exf6 $18 Bxf6 12. Ne4 O-O (12... Qe7 {keeps fighting.} 13. d4 cxd4 14. Nxf6+ (14. exd4 Bg4 $18) (14. Nxd4 O-O $16) 14... gxf6 15. Nxd4 (15. exd4 Bg4 $16) 15... h5 16. Nxc6 Bxc6 17. Bxc6+ bxc6) 13. Nxc5 Bc8 14. d4 Nd5 $2 (14... Kh8 15. Bd2 Bg4) 15. Qb3 Nce7 16. e4 {[%mdl 64] [#] Pin} Bg4 17. Bf3 Bh3 (17... Qc8 $142 18. Nd3 Bxf3) 18. Rf2 Nc6 19. Be3 Kh8 20. exd5 Na5 21. Qd3 Qe7 22. Nf4 b6 23. Nce6 Rf7 24. Nxh3 Qb4 25. a3 Qd6 {[#]} 26. Nhg5 $1 {[%csl Gg5][%cal Rd3h7]} g6 27. Nxf7+ {Black did not feel at home in the position after the opening.  Weighted Error Value: White=0.33/Black=0.95} 1-0

[Event "FIDE Olympiad Disabilties-KO 2020"]
[Site "Online"]
[Date "2020.11.21"]
[Round "1.2"]
[White "Piekielny, Pawel"]
[Black "Babarykin, Stanislav"]
[Result "1/2-1/2"]
[WhiteElo "2098"]
[BlackElo "2387"]
[Annotator "TA"]
[PlyCount "90"]
[EventDate "2020.11.29"]
[EventType "team-tourn"]
[EventCountry "NET"]
[SourceTitle "playchess.com"]
[Source "ChessBase"]
[SourceQuality "1"]
[WhiteTeam "Poland"]
[BlackTeam "Russia"]
[WhiteTeamCountry "POL"]
[BlackTeamCountry "RUS"]

{[%evp 17,90,36,46,0,4,12,23,14,4,0,30,20,13,20,28,24,28,19,22,27,30,34,34,20,25,25,43,16,23,22,19,0,0,0,0,0,0,0,0,0,0,0,0,0,0,0,0,0,0,0,0,0,0,0,0,0,0,0,0,0,0,0,0,0,0,0,0,0,0,0,0,0,0,0,0]} 1. e4 e5 2. Nf3 Nc6 3. Bb5 a6 4. Ba4 Nf6 5. O-O Bc5 6. c3 O-O 7. Re1 b5 8. Bb3 d5 9. exd5 Nxd5 10. d4 {C89: Closed Ruy Lopez: Marshall Attack.} exd4 11. cxd4 Be7 (11... Ba7 {seems wilder.} 12. Bg5 Nf6 13. d5 Na5 14. Bc2 h6) 12. Bxd5 {White has an edge.} Qxd5 13. Nc3 Qd8 14. d5 Na5 15. Bf4 Bg4 16. Rc1 Nc4 17. b3 {[#]} Bd6 $146 ({Predecessor:} 17... Nd6 18. Qd3 Bf5 19. Qd2 Bf6 20. Nd4 Bxd4 21. Qxd4 Re8 22. Rxe8+ Qxe8 23. h3 Qe7 24. Nd1 Ne8 25. Ne3 Rd8 26. Nxf5 {1-0 (26) Lawrence,R (2181)-Mihai,P (2166) ICCF email 2006}) 18. Qd4 {[#] And now Bxd6 would win.} Bxf3 19. bxc4 Qh4 20. Be5 Qxd4 $1 21. Bxd4 Bg4 22. cxb5 (22. h3 $5 {[%cal Rh3g4]} Bf5 23. cxb5 $14) 22... axb5 23. Nxb5 Rxa2 {The position is equal.} 24. Bc5 Bxc5 25. Rxc5 Ra5 {[#] ...Be2! is the strong threat.} 26. Rec1 Rb8 27. h3 Raxb5 28. hxg4 {Threatens to win with Rxb5.} Kf8 29. Rxb5 Rxb5 30. Rxc7 Rxd5 $11 {[%mdl 4096] Endgame KR-KR} 31. Kh2 h5 32. gxh5 Rxh5+ 33. Kg3 g6 34. f4 Kg7 35. Ra7 Rc5 36. Ra3 g5 37. fxg5 Rxg5+ 38. Kf3 (38. Kf4 {with more complications.} Rg6 39. g4 Re6 40. Kf5 Rf6+ 41. Kg5) 38... Rg6 39. Ra4 Rf6+ 40. Rf4 Rxf4+ 41. Kxf4 Kg6 42. g4 f6 43. Kf3 Kg5 44. Kg3 f5 45. gxf5 Kxf5 {Weighted Error Value: White=0.03/Black=0.02} 1/2-1/2

[Event "FIDE Olympiad Disabilties-KO 2020"]
[Site "Online"]
[Date "2020.11.21"]
[Round "1.2"]
[White "Kasperczyk, Szymon"]
[Black "Smirnov, Alexey"]
[Result "0-1"]
[WhiteElo "1790"]
[BlackElo "2436"]
[Annotator "TA"]
[PlyCount "82"]
[EventDate "2020.11.29"]
[EventType "team-tourn"]
[EventCountry "NET"]
[SourceTitle "playchess.com"]
[Source "ChessBase"]
[SourceQuality "1"]
[WhiteTeam "Poland"]
[BlackTeam "Russia"]
[WhiteTeamCountry "POL"]
[BlackTeamCountry "RUS"]

{[%evp 15,81,-14,-7,-41,-32,-28,-27,-75,-56,-98,-93,-145,-143,-140,-145,-141,-142,-157,-157,-155,-153,-164,-171,-168,-156,-161,-161,-165,-156,-169,-162,-168,-152,-174,-160,-225,-209,-358,-376,-377,-367,-358,-254,-555,-530,-683,-683,-2271,-2232,-1346,-1504,-29987,-29988,-29989,-29990,-29990,-29991,-29993,-29994,-29994,-29995,-29996,-29995,-29995,-29995,-29998,-29999,-29999]} 1. d4 Nf6 2. Nf3 d5 3. Bf4 c5 4. e3 Nc6 5. c3 Qb6 6. Qb3 c4 7. Qxb6 axb6 8. Na3 Bf5 9. Nb5 {Black must now prevent Nc7+. D02: 1 d4 d5 2 Nf3 sidelines, including 2...Nf6 3 g3 and 2...Nf6 3 Bf4.} Ra5 10. a4 $1 Bc2 (10... e6 {with more complications.} 11. Be2 Bc2 12. Bd1 Bxd1 13. Kxd1 Be7) 11. Ne5 {Nc7+ is the strong threat.Black has an edge.} Nxe5 12. Bxe5 {[#]} Bxa4 $146 ({Predecessor:} 12... Nh5 13. Be2 Nf4 14. exf4 e6 15. Bd1 Bxd1 16. Kxd1 Bc5 17. f3 Ke7 18. Kc2 h5 19. b4 cxb3+ 20. Kxb3 h4 {½-½ (20) Goswami,V (2199)-Singh,G (2295) Kuala Lumpur 2011}) 13. Bxf6 (13. Nc7+ $142 Kd8 14. Bxf6 Kxc7 15. Be5+ Kc6 16. e4) 13... Bxb5 $17 {[%mdl 64] Discovered Attack} ({Not} 13... gxf6 14. Nc7+ Kd8 15. Nxd5 $1 $16 {[%mdl 512]}) 14. Rxa5 bxa5 15. Be5 f6 16. Bc7 {[#]} a4 $1 17. Be2 Kd7 18. Bg3 e6 19. Kd2 Be7 20. Ra1 Bc6 21. Bd1 b5 {[%cal Bb7b5,Bb5b4,Bb4b3][%mdl 32]} 22. f3 Ra8 23. Bc2 h6 24. h3 b4 25. Kc1 (25. cxb4 $17 Bxb4+ 26. Kc1) 25... b3 $19 26. Bd1 (26. Bg6 {is the only way for White.}) 26... a3 27. bxa3 Bxa3+ 28. Kb1 g5 29. Be1 $2 (29. f4 {was the crucial defense.}) 29... Kc7 30. Bd2 Be8 {( -> ...Bg6+)} 31. Bc1 Bg6+ 32. e4 dxe4 33. Rxa3 Rxa3 {Black mates.} 34. Bxa3 exf3+ 35. Kb2 fxg2 36. d5 g1=Q 37. Bc5 Qxd1 38. dxe6 Qd2+ 39. Ka3 Qxc3 40. h4 b2+ 41. Ka4 Be8# {Black took control after the opening.  Weighted Error Value: White=0.58/Black=0.06} 0-1

[Event "FIDE Olympiad Disabilties-KO 2020"]
[Site "Online"]
[Date "2020.11.21"]
[Round "1.2"]
[White "Kaydanovich, Marina"]
[Black "Szalko, Maciej"]
[Result "1/2-1/2"]
[WhiteElo "1734"]
[BlackElo "1946"]
[Annotator "TA"]
[PlyCount "135"]
[EventDate "2020.11.29"]
[EventType "team-tourn"]
[EventCountry "NET"]
[SourceTitle "playchess.com"]
[Source "ChessBase"]
[SourceQuality "1"]
[WhiteTeam "Russia"]
[BlackTeam "Poland"]
[WhiteTeamCountry "RUS"]
[BlackTeamCountry "POL"]

{[%evp 11,135,-12,-7,-55,-35,-67,-58,-62,-67,-94,-80,-81,-66,-66,-65,-92,-51,-158,-37,-47,-22,-16,0,0,22,27,32,23,41,15,22,0,0,-37,-37,-65,-59,-119,-146,-254,-252,-272,-254,-566,-539,-513,-244,-261,-110,-5606,-199,-206,-201,-200,-4,-171,-166,-160,-143,-183,-153,-237,-192,-242,-174,-243,-250,-239,-248,-242,362,366,343,306,319,304,274,174,269,177,412,390,407,380,435,303,240,62,79,60,138,63,53,68,121,115,162,44,44,44,51,51,247,109,151,14,13,12,15,8,8,8,8,8,29983,0,8,0,8,0,8,0,0,0,0,0]} 1. c4 Nf6 2. Nc3 g6 3. d4 d5 4. e3 Bg7 5. Nf3 O-O 6. Bd3 c5 7. Qb3 {[%cal Rc4d5] D94: Grünfeld: 4 Nf3 Bg7 5 e3.} cxd4 8. exd4 {[%cal Rc4d5]} dxc4 9. Bxc4 {Black is slightly better.} Nc6 10. Be3 Na5 11. Qa4 Nxc4 12. Qxc4 Be6 {[#]} 13. Qb5 $146 ({Predecessor:} 13. Qb4 b6 14. Rc1 a5 15. Qa3 Bc4 16. Ne5 Ba6 17. Nc6 Qd7 18. Nxe7+ Kh8 19. Na4 {0-1 (27) Sitchikhin,S (1993)-Shurakov,D (2259) Kirov 2014}) 13... Qc7 14. d5 ({White should play} 14. Ne5 $15) 14... Bd7 (14... a6 $1 $17 {[%cal Ra6b5]} 15. Qb3 Nxd5 $1 {[%mdl 576] Decoy} 16. Nxd5 Qa5+ {[%mdl 64] Double Attack} 17. Qb4 Qxd5) 15. Qb3 $15 Rfd8 16. O-O Ng4 17. Bg5 Bf5 18. h3 Ne5 19. Nxe5 Bxe5 20. Rac1 Rac8 21. Nb5 Qd7 $1 22. Rxc8 (22. d6 $5 {[%cal Rd6e7]} Be6 23. Qb4 $11) 22... Rxc8 23. Nxa7 Rc5 $1 24. a4 (24. Re1 $15 Qxd5 25. Bxe7) 24... Rxd5 25. Be3 {[#]} (25. Nb5 $17) 25... Bxh3 $1 $19 {[%mdl 512]} 26. Rc1 (26. gxh3 Qxh3) 26... Be6 {Threatens to win with ...Rd2.} 27. Bh6 $2 {[#]} (27. Qc2 {was the crucial defense.}) 27... Bh2+ $1 {[%mdl 512]} 28. Kf1 (28. Kxh2 Rh5+) 28... Qd6 (28... Rh5 $142 29. Qe3 Bc7) 29. Nb5 Rc5 (29... Qd8 $19 30. Qe3 Rd1+ 31. Ke2 Rxc1 32. Qxc1 Be5) 30. Qd1 $2 {[%mdl 8192]} (30. Nxd6 $17 Rxc1+ 31. Bxc1 Bxb3 32. Nxb7) 30... Qxd1+ $2 (30... Bc4+ 31. Qe2 Bxe2+ 32. Kxe2 Qe6+ 33. Kf1 Rxc1+ 34. Bxc1 Qc4+ {[%mdl 64] Double Attack} 35. Ke1 Qxc1+ {[%mdl 64] Double Attack} 36. Ke2 Qxb2+ 37. Ke3 Qb3+ 38. Kd2 Bf4+ 39. Ke2 Qxa4 40. Kf3 Be5 41. Ke3 Qb3+ 42. Ke2 Qxb5+ 43. Kd2 Bf4+ 44. Kc3 Qc6+ 45. Kd3 b5 46. Ke2 Qe4+ 47. Kf1 Qd3+ 48. Ke1 Qd2+ 49. Kf1 Qd1#) 31. Rxd1 {[%cal Rd1d8]} Bc4+ 32. Ke1 {[%cal Rd1d8]} f6 $2 ({Black should try} 32... Re5+ $19 33. Be3 Bxb5 34. axb5 Bf4) 33. Nc3 $2 (33. Rd8+ $11 Kf7 34. Rf8+ Ke6 35. Be3) 33... Bd6 34. Be3 Rh5 35. Kd2 Kf7 36. Kc1 (36. Kc2 $17 {is a better defense.}) 36... Rh2 37. g3 h5 38. Rd4 (38. Ne4 $142 Bb3 39. Nxd6+ exd6 40. Rd4) 38... Bb3 39. Ne4 Rh1+ 40. Kd2 Bc5 $4 {[%mdl 8192]} (40... Rd1+ $19 {and life is good for Black.} 41. Ke2 Rxd4 42. Bxd4 Bc7) 41. Nxc5 $18 Rd1+ 42. Kc3 Rxd4 43. Bxd4 Bd5 44. a5 {And now f4 would win.} g5 (44... e5 $142) 45. b4 h4 $2 (45... e5 {might work better.}) 46. gxh4 gxh4 {Strongly threatening ...h3.} 47. f4 Kg6 48. Nd3 Kf5 49. Kd2 $2 (49. b5 $18) 49... Ke4 50. Bg1 Kf3 (50... Bc4 $14 51. Ne1 h3) 51. Ne1+ (51. f5 $1 $16) 51... Kxf4 $14 52. Ke2 e5 {[#]} (52... Kg3 $14) 53. Kf2 $1 $16 f5 {[#]} 54. Bh2+ (54. b5 $1 $18) 54... Ke4 $14 55. Nf3 f4 56. Nxh4 {Hoping for Bg1.} Bc6 $2 ({Better is} 56... Kd4 $14) 57. Nf3 (57. Ke1 $18 {has better winning chances.}) 57... Kf5 58. Nd2 (58. Ke2 $16) 58... e4 $1 $11 59. Nc4 {With the idea Ke1.} Bd5 60. Ne3+ (60. Nb6 {seems wilder.} e3+ 61. Ke1 Bf7 62. Nc8 Ke5 63. b5) 60... fxe3+ 61. Kxe3 {[%mdl 4096] Endgame KB-KB. Cut Off at move 61} Ke6 62. Kd4 Kf5 $2 {[%mdl 8192]} (62... e3 $11) 63. Ke3 $2 (63. Kxd5 {mates} e3 64. Be5 Kg4 65. b5 Kh5 66. Bc3 Kh6 67. a6 bxa6 68. bxa6) 63... Bc4 {The position is equal.} 64. Bd6 Bd3 65. Bc5 Ke6 66. Bb6 Kd5 67. Bc5 Kc4 68. Bf8 {A wild game.  Weighted Error Value: White=0.65/Black=0.67} 1/2-1/2

[Event "FIDE Olympiad Disabilties-KO 2020"]
[Site "Online"]
[Date "2020.11.21"]
[Round "1.2"]
[White "Solomna, Svitlana"]
[Black "Stolarczyk, Anna"]
[Result "0-1"]
[WhiteElo "1434"]
[BlackElo "1909"]
[Annotator "TA"]
[PlyCount "146"]
[EventDate "2020.11.29"]
[EventType "team-tourn"]
[EventCountry "NET"]
[SourceTitle "playchess.com"]
[Source "ChessBase"]
[SourceQuality "1"]
[WhiteTeam "Ukraine"]
[BlackTeam "Poland"]
[WhiteTeamCountry "UKR"]
[BlackTeamCountry "POL"]

{[%evp 9,146,43,64,25,23,0,0,-3,-4,-22,-19,-34,-24,-16,-9,-45,-42,-28,-43,-93,-94,-198,-200,-189,-33,-41,-33,-19,-34,-65,-60,-80,-81,-107,-68,-61,-28,-60,-64,-94,-92,-93,0,-41,0,-10,0,0,22,0,0,0,19,0,0,0,56,56,175,178,276,264,322,302,367,366,407,402,419,372,322,156,508,491,576,562,442,266,249,247,333,245,183,190,231,21,22,20,23,-8,-12,-27,-33,-27,-37,-44,-32,-420,-14,-52,-16,-395,-377,-357,-391,-383,-428,-2392,-2385,-1020,-1020,-1020,-588,-29977,-29978,-29982,-29982,-29983,-29984,-29984,-29985,-29985,-29986,-29986,-29987,-29987,-29987,-29987,-29988,-29988,-29989,-29992,-29993,-29993,-29992,-29992,-29993,-29994,-29994]} 1. d4 d5 2. Bf4 c6 3. e3 Qb6 4. Qc1 Nf6 5. Nf3 h6 6. c3 {D02: 1 d4 d5 2 Nf3 sidelines, including 2...Nf6 3 g3 and 2...Nf6 3 Bf4.} Bf5 7. Nbd2 e6 8. Ne5 {The position is equal.} Nbd7 9. Ndf3 {[#]} c5 $146 ({Predecessor:} 9... Be7 10. Bd3 Bxd3 11. Nxd3 O-O 12. O-O Nh5 13. Re1 Ndf6 14. h3 Nxf4 15. Nxf4 a5 {0-1 (31) Preisler,R (1819)-Gaspar,Z (1697) Spitz am Donau 2017}) 10. Bd3 Bxd3 11. Nxd3 Ne4 12. O-O g5 13. Bg3 h5 14. h3 g4 15. hxg4 (15. Nfe5 $17) 15... hxg4 $19 16. Nfe5 {[#]} Nxg3 $2 (16... Bd6 $1 $19 17. Nxd7 Kxd7) 17. fxg3 $15 Nxe5 18. Nxe5 f5 19. Ng6 Rh7 20. Kf2 Bd6 21. Nf4 Bxf4 22. gxf4 O-O-O 23. Qc2 Rdh8 24. Rab1 Rh2 25. Rg1 g3+ ({Better is} 25... Qc6 $17 26. Ke1 c4) 26. Ke1 Rh1 27. Kd2 Rxg1 28. Rxg1 $11 {[%mdl 4096] Endgame KQR-KQR} Qa5 29. a3 cxd4 30. exd4 Qc7 31. Ke3 Rh4 32. Rf1 Qh7 (32... Kb8 $11) 33. Qa4 $14 {Qe8+ is the strong threat.} Qd7 (33... Qh5 $14) 34. Qxa7 $18 Qb5 (34... Kc7 $142 35. a4 Qd6 36. Qc5+ Kd7 37. Qxd6+ Kxd6) 35. Qc5+ Qxc5 36. dxc5 {KR-KR} Kc7 37. b4 Kc6 38. a4 Rh8 39. Kf3 Ra8 40. a5 ({Weaker is} 40. Kxg3 Rxa4 41. Re1 Kd7 $16) (40. Ra1 $18 {and White stays clearly on top.}) 40... Rg8 $2 (40... Kb5 $16 {is tougher.} 41. Rh1 (41. Kxg3 Kc4 $16) 41... d4 42. cxd4 Kxb4) 41. Re1 Rg6 42. Rh1 Rg7 {If Black can now play ...Kb5 this consolidates a bit.} 43. Rh3 Kb5 44. Rxg3 Re7 45. Kf2 Kc4 46. Ke2 d4 47. Kd2 $2 (47. cxd4 $18 Kxd4 48. Rg8) 47... dxc3+ $11 48. Rxc3+ Kxb4 49. a6 bxa6 50. c6 {Black must now prevent c7.} Rc7 51. Kd3 Kb5 52. Kd4 Rxc6 53. Ra3 $2 {[%mdl 8192] [#]} ({White should try} 53. Rb3+ $15 Ka4 54. Rb1) 53... Kb4 $2 (53... Rc4+ $1 $19 54. Ke5 Re4+ 55. Kf6 a5) 54. Ra1 Rc4+ (54... a5 $5 {[%cal Rc6c4]} 55. Rb1+ Ka4 $17) 55. Ke5 $2 {[%mdl 8192]} (55. Kd3 $1 $11 {and White has nothing to worry.}) 55... Re4+ $19 56. Kf6 a5 ({Inferior is} 56... Rxf4 57. Rxa6 Rf2 58. Kxe6 $11) 57. Kg5 a4 58. g3 (58. Rb1+ $142 Kc3 59. Rc1+ Kb2 60. Rc6) 58... a3 59. g4 fxg4 60. Kxg4 Kb3 61. Kf3 {Cut Off at move 61} Ra4 {Black mates.} 62. Ke3 Kb2 63. Re1 a2 64. Re2+ Kc3 65. Re1 a1=Q 66. Rxa1 Rxa1 {KR-KP} 67. Ke4 Re1+ 68. Kf3 Kd3 69. Kg4 Ke4 70. Kg3 Rf1 71. Kg4 Rxf4+ 72. Kg5 Kf3 73. Kg6 e5 {Both players deserved the win here.  Weighted Error Value: White=0.73/Black=0.49} 0-1